| 000 | 00656nam a2200241Ia 4500 | ||
|---|---|---|---|
| 003 | OSt | ||
| 005 | 20220918111934.0 | ||
| 006 | a|||||r|||| 00| 0 | ||
| 007 | ta | ||
| 008 | 220915b |||||||| |||| 00| 0 eng d | ||
| 024 | _a112836 | ||
| 037 | _cTextbook | ||
| 040 |
_beng _aARTS _cARTS |
||
| 041 | _aeng | ||
| 082 | _aV3:1:N5, J6.2 (906) | ||
| 100 |
_aWilliamson James A _911407 |
||
| 245 | 0 | _aShort history of British expanison | |
| 260 |
_aNA _bNA |
||
| 490 | _aThe modern empire and commonwealth; Edn 4 | ||
| 650 | _aHISTORY | ||
| 942 |
_hV3:1:N5, J6.2 (906) _cTB _2CC |
||
| 999 |
_c117417 _d117417 |
||